[Event "DEM U10w 2023"]
[Site "Willingen GER"]
[Date "2023.05.31"]
[Round "6"]
[White "Frydel, Helena"]
[Black "Tischlinger, Lara"]
[Result "0-1"]
[Termination "normal"]
[Board "2"]
[WhiteElo "1161"]
[BlackElo "1238"]
[WhiteClock "00:11:50"]
[BlackClock "00:28:28"]
[PlyCount "140"]
[WhiteFideId "16266536"]
[BlackFideId "34663401"]
[EventCountry "GER"]
[EventRounds "11"]
[EventType "swiss"]
[EventDate "2023.05.27"]

1. d4 {[%clk 01:15:59]} {[%emt 00:00:02]} d5 {[%clk 01:15:50]} {[%emt
00:00:10]} 2. c4 {[%clk 01:16:23]} {[%emt 00:00:06]} e6 {[%clk 01:16:14]}
{[%emt 00:00:05]} 3. Nc3 {[%clk 01:16:48]} {[%emt 00:00:06]} Nf6 {[%clk
01:16:35]} {[%emt 00:00:08]} 4. cxd5 {[%clk 01:17:15]} {[%emt 00:00:05]} Nxd5
{[%clk 01:16:49]} {[%emt 00:00:15]} 5. e4 {[%clk 01:17:40]} {[%emt 00:00:05]}
Nf6 {[%clk 01:16:49]} {[%emt 00:00:29]} 6. Bg5 {[%clk 01:17:44]} {[%emt
00:00:27]} Be7 {[%clk 01:17:01]} {[%emt 00:00:17]} 7. Nf3 {[%clk 01:16:22]}
{[%emt 00:01:53]} O-O {[%clk 01:15:50]} {[%emt 00:01:40]} 8. Bd3 {[%clk
01:16:26]} {[%emt 00:00:26]} b6 {[%clk 01:14:30]} {[%emt 00:01:51]} 9. O-O
{[%clk 01:16:31]} {[%emt 00:00:25]} Bb7 {[%clk 01:13:20]} {[%emt 00:01:36]} 10.
Qc2 {[%clk 01:16:29]} {[%emt 00:00:36]} h6 {[%clk 01:08:16]} {[%emt 00:05:33]}
11. Bh4 {[%clk 01:16:48]} {[%emt 00:00:11]} Nc6 {[%clk 01:06:27]} {[%emt
00:02:21]} 12. Rad1 {[%clk 01:12:01]} {[%emt 00:05:16]} Nb4 {[%clk 01:02:45]}
{[%emt 00:04:08]} 13. Qb1 {[%clk 01:11:13]} {[%emt 00:01:22]} Nxd3 {[%clk
01:01:36]} {[%emt 00:01:39]} 14. Qxd3 {[%clk 01:11:25]} {[%emt 00:00:18]} a5
{[%clk 01:00:15]} {[%emt 00:01:50]} 15. a4 {[%clk 01:11:31]} {[%emt 00:00:25]}
Ba6 {[%clk 01:00:03]} {[%emt 00:00:42]} 16. Qc2 {[%clk 01:06:35]} {[%emt
00:05:26]} Bxf1 {[%clk 00:59:40]} {[%emt 00:00:52]} 17. Kxf1 {[%clk 01:01:29]}
{[%emt 00:05:36]} Nd7 {[%clk 00:55:51]} {[%emt 00:04:18]} 18. Bg3 {[%clk
00:59:34]} {[%emt 00:02:26]} Nf6 {[%clk 00:52:37]} {[%emt 00:03:45]} 19. Nb5
{[%clk 00:56:28]} {[%emt 00:03:36]} Rc8 {[%clk 00:43:33]} {[%emt 00:09:33]} 20.
Bxc7 {[%clk 00:53:38]} {[%emt 00:03:21]} Qe8 {[%clk 00:41:31]} {[%emt
00:02:31]} 21. Qd3 {[%clk 00:52:46]} {[%emt 00:01:22]} Qc6 {[%clk 00:38:46]}
{[%emt 00:03:16]} 22. e5 {[%clk 00:49:30]} {[%emt 00:03:47]} Nd5 {[%clk
00:36:17]} {[%emt 00:02:58]} 23. Bd6 {[%clk 00:46:54]} {[%emt 00:03:04]} Qc4
{[%clk 00:33:26]} {[%emt 00:03:22]} 24. b3 {[%clk 00:40:41]} {[%emt 00:06:44]}
Qxd3+ {[%clk 00:32:17]} {[%emt 00:01:38]} 25. Rxd3 {[%clk 00:40:31]} {[%emt
00:00:41]} f6 {[%clk 00:29:39]} {[%emt 00:03:08]} 26. Ke1 {[%clk 00:37:51]}
{[%emt 00:03:07]} Bxd6 {[%clk 00:28:58]} {[%emt 00:01:13]} 27. exd6 {[%clk
00:36:37]} {[%emt 00:01:44]} Nf4 {[%clk 00:28:24]} {[%emt 00:01:04]} 28. Rd1
{[%clk 00:35:55]} {[%emt 00:01:12]} Nxg2+ {[%clk 00:28:29]} {[%emt 00:00:25]}
29. Kd2 {[%clk 00:36:10]} {[%emt 00:00:15]} Nf4 {[%clk 00:28:30]} {[%emt
00:00:30]} 30. Na7 {[%clk 00:33:12]} {[%emt 00:03:28]} Rcd8 {[%clk 00:28:20]}
{[%emt 00:00:40]} 31. Nb5 {[%clk 00:32:41]} {[%emt 00:01:00]} Nd5 {[%clk
00:28:09]} {[%emt 00:00:42]} 32. Re1 {[%clk 00:32:14]} {[%emt 00:00:56]} Kf7
{[%clk 00:27:12]} {[%emt 00:01:22]} 33. Rc1 {[%clk 00:29:02]} {[%emt 00:03:47]}
Rc8 {[%clk 00:26:35]} {[%emt 00:01:07]} 34. Re1 {[%clk 00:28:29]} {[%emt
00:01:02]} Rfd8 {[%clk 00:25:43]} {[%emt 00:01:24]} 35. Na7 {[%clk 00:26:40]}
{[%emt 00:02:19]} Rc3 {[%clk 00:25:05]} {[%emt 00:00:58]} 36. Ng1 {[%clk
00:25:53]} {[%emt 00:01:26]} Rxb3 {[%clk 00:25:01]} {[%emt 00:00:35]} 37. Nb5
{[%clk 00:25:19]} {[%emt 00:01:04]} Rb4 {[%clk 00:24:31]} {[%emt 00:01:00]} 38.
Ra1 {[%clk 00:25:35]} {[%emt 00:00:14]} Rc8 {[%clk 00:23:31]} {[%emt 00:01:21]}
39. Ne2 {[%clk 00:23:27]} {[%emt 00:02:47]} Rcc4 {[%clk 00:22:54]} {[%emt
00:01:07]} 40. Na7 {[%emt 00:10:08]} Rxa4 {[%clk 00:21:49]} 41. Rxa4 {[%clk
00:13:59]} {[%emt 00:01:55]} Rxa4 {[%clk 00:22:13]} {[%emt 00:00:06]} 42. Nc6
{[%clk 00:14:02]} {[%emt 00:00:26]} Ke8 {[%clk 00:22:13]} {[%emt 00:00:29]} 43.
Nb8 {[%clk 00:11:01]} {[%emt 00:03:31]} Rc4 {[%clk 00:21:27]} {[%emt 00:01:16]}
44. d7+ {[%clk 00:11:02]} {[%emt 00:00:30]} Kd8 {[%clk 00:21:39]} {[%emt
00:00:17]} 45. Kd3 {[%clk 00:10:02]} {[%emt 00:01:31]} b5 {[%clk 00:21:53]}
{[%emt 00:00:17]} 46. Ng3 {[%clk 00:07:28]} {[%emt 00:03:03]} Nb6 {[%clk
00:21:28]} {[%emt 00:00:54]} 47. Nh5 {[%clk 00:06:40]} {[%emt 00:01:19]} Nxd7
{[%clk 00:21:40]} {[%emt 00:00:18]} 48. Na6 {[%clk 00:06:29]} {[%emt 00:00:40]}
Rc6 {[%clk 00:21:44]} {[%emt 00:00:26]} 49. Nc5 {[%clk 00:06:29]} {[%emt
00:00:30]} Nxc5+ {[%clk 00:22:02]} {[%emt 00:00:13]} 50. dxc5 {[%clk 00:06:32]}
{[%emt 00:00:26]} Rxc5 {[%clk 00:22:26]} {[%emt 00:00:06]} 51. Nxg7 {[%clk
00:06:58]} {[%emt 00:00:05]} Kd7 {[%clk 00:22:32]} {[%emt 00:00:24]} 52. Kd4
{[%clk 00:06:54]} {[%emt 00:00:34]} Rg5 {[%clk 00:22:51]} {[%emt 00:00:11]} 53.
Nxe6 {[%clk 00:06:35]} {[%emt 00:00:48]} Kxe6 {[%clk 00:23:03]} {[%emt
00:00:18]} 54. Kc3 {[%clk 00:06:41]} {[%emt 00:00:25]} Rg2 {[%emt 00:00:14]}
55. h4 {[%clk 00:06:49]} {[%emt 00:00:17]} Rxf2 {[%clk 00:23:47]} {[%emt
00:00:06]} 56. h5 {[%clk 00:07:15]} {[%emt 00:00:05]} Rf4 {[%clk 00:24:06]}
{[%emt 00:00:09]} 57. Kb3 {[%clk 00:07:32]} {[%emt 00:00:15]} Kd5 {[%clk
00:24:21]} {[%emt 00:00:15]} 58. Ka3 {[%clk 00:07:38]} {[%emt 00:00:17]} Rf3+
{[%clk 00:24:45]} {[%emt 00:00:13]} 59. Kb2 {[%clk 00:08:02]} {[%emt 00:00:06]}
Kc4 {[%clk 00:25:09]} {[%emt 00:00:06]} 60. Ka2 {[%clk 00:08:15]} {[%emt
00:00:17]} Kb4 {[%clk 00:25:29]} {[%emt 00:00:09]} 61. Kb1 {[%clk 00:08:21]}
{[%emt 00:00:24]} Rf2 {[%clk 00:25:53]} {[%emt 00:00:07]} 62. Kc1 {[%clk
00:08:45]} {[%emt 00:00:06]} Kb3 {[%clk 00:26:19]} {[%emt 00:00:05]} 63. Kd1
{[%clk 00:09:09]} {[%emt 00:00:05]} Kc3 {[%clk 00:26:21]} {[%emt 00:00:28]} 64.
Ke1 {[%clk 00:09:32]} {[%emt 00:00:07]} Ra2 {[%clk 00:26:39]} {[%emt 00:00:12]}
65. Kf1 {[%clk 00:09:40]} {[%emt 00:00:22]} Kd3 {[%clk 00:26:59]} {[%emt
00:00:10]} 66. Kg1 {[%clk 00:10:05]} {[%emt 00:00:05]} Ke3 {[%clk 00:27:25]}
{[%emt 00:00:04]} 67. Kh1 {[%clk 00:10:29]} {[%emt 00:00:06]} Kf3 {[%clk
00:27:50]} {[%emt 00:00:05]} 68. Kg1 {[%clk 00:10:55]} {[%emt 00:00:04]} Rb2
{[%clk 00:28:12]} {[%emt 00:00:08]} 69. Kh1 {[%clk 00:11:21]} {[%emt 00:00:04]}
Kg3 {[%clk 00:28:36]} {[%emt 00:00:06]} 70. Kg1 {[%clk 00:11:50]} Rb1# {[%clk
00:28:28]} {[%emt 00:00:07]} 0-1

[Event "DEM U10w 2023"]
[Site "Willingen GER"]
[Date "2023.05.31"]
[Round "6"]
[White "Schirmbeck, Lilian"]
[Black "Trush, Diana"]
[Result "1-0"]
[Termination "normal"]
[Board "3"]
[WhiteElo "1661"]
[BlackElo "1002"]
[WhiteClock "01:08:57"]
[BlackClock "00:45:17"]
[PlyCount "55"]
[WhiteFideId "34620532"]
[BlackFideId "34644091"]
[EventCountry "GER"]
[EventRounds "11"]
[EventType "swiss"]
[EventDate "2023.05.27"]

1. d4 {[%clk 01:15:58]} {[%emt 00:00:01]} Nf6 {[%clk 01:15:59]} {[%emt
00:00:01]} 2. c4 {[%clk 01:16:22]} {[%emt 00:00:07]} g6 {[%clk 01:16:17]}
{[%emt 00:00:12]} 3. Nc3 {[%clk 01:16:46]} {[%emt 00:00:06]} Bg7 {[%emt
00:00:20]} 4. e4 {[%clk 01:16:44]} {[%emt 00:00:18]} d6 {[%clk 01:16:27]}
{[%emt 00:00:43]} 5. f4 {[%clk 01:14:45]} {[%emt 00:02:30]} b6 {[%clk
01:14:25]} {[%emt 00:02:32]} 6. Nf3 {[%clk 01:13:46]} {[%emt 00:01:29]} Nbd7
{[%clk 01:14:23]} {[%emt 00:00:32]} 7. e5 {[%clk 01:11:43]} {[%emt 00:02:33]}
dxe5 {[%clk 01:11:29]} {[%emt 00:03:24]} 8. fxe5 {[%clk 01:11:46]} {[%emt
00:00:27]} Ng4 {[%clk 01:07:49]} {[%emt 00:04:08]} 9. Ng5 {[%clk 01:10:40]}
{[%emt 00:01:38]} f5 {[%clk 01:07:34]} {[%emt 00:00:44]} 10. Ne6 {[%clk
01:10:53]} {[%emt 00:00:18]} Rf8 {[%clk 01:03:20]} {[%emt 00:04:43]} 11. Nxd8
{[%clk 01:10:51]} {[%emt 00:00:32]} Kxd8 {[%clk 01:03:38]} {[%emt 00:00:13]}
12. Be2 {[%clk 01:10:35]} {[%emt 00:00:46]} h5 {[%clk 01:01:28]} {[%emt
00:02:38]} 13. h3 {[%clk 01:10:16]} {[%emt 00:00:50]} Nh6 {[%clk 01:00:01]}
{[%emt 00:01:57]} 14. O-O {[%clk 01:09:51]} {[%emt 00:00:55]} Rh8 {[%clk
00:55:06]} {[%emt 00:05:25]} 15. Bf3 {[%clk 01:09:52]} {[%emt 00:00:29]} Rb8
{[%clk 00:54:45]} {[%emt 00:00:51]} 16. Bg5 {[%clk 01:09:59]} {[%emt 00:00:24]}
Nf7 {[%clk 00:54:28]} {[%emt 00:00:46]} 17. Qd2 {[%clk 01:10:08]} {[%emt
00:00:21]} h4 {[%clk 00:53:14]} {[%emt 00:01:43]} 18. Nd5 {[%clk 01:09:42]}
{[%emt 00:00:58]} Bf8 {[%clk 00:52:25]} {[%emt 00:01:17]} 19. e6 {[%clk
01:09:09]} {[%emt 00:01:04]} Nxg5 {[%clk 00:52:37]} {[%emt 00:00:18]} 20. Qxg5
{[%clk 01:09:17]} {[%emt 00:00:22]} Nf6 {[%clk 00:53:00]} {[%emt 00:00:07]} 21.
Nxf6 {[%clk 01:09:19]} {[%emt 00:00:28]} Bxe6 {[%clk 00:52:48]} {[%emt
00:00:42]} 22. Nd5 {[%clk 01:09:11]} {[%emt 00:00:39]} Bxd5 {[%clk 00:51:12]}
{[%emt 00:02:06]} 23. cxd5 {[%clk 01:09:24]} {[%emt 00:00:17]} Bh6 {[%clk
00:51:25]} {[%emt 00:00:17]} 24. Qxg6 {[%clk 01:09:40]} {[%emt 00:00:13]} Be3+
{[%clk 00:49:37]} {[%emt 00:02:18]} 25. Kh1 {[%clk 01:08:17]} {[%emt 00:01:54]}
Bxd4 {[%clk 00:49:46]} {[%emt 00:00:21]} 26. Qxf5 {[%clk 01:08:11]} {[%emt
00:00:35]} Bg7 {[%clk 00:45:14]} {[%emt 00:05:02]} 27. Bg4 {[%clk 01:08:35]}
{[%emt 00:00:07]} a6 {[%clk 00:45:17]} {[%emt 00:00:27]} 28. Qd7# {[%clk
01:08:57]} {[%emt 00:00:08]} 1-0

[Event "DEM U10w 2023"]
[Site "Willingen GER"]
[Date "2023.05.31"]
[Round "6"]
[White "Kübart, Ela Marie"]
[Black "Heidtkamp, Anna"]
[Result "0-1"]
[Termination "normal"]
[Board "4"]
[WhiteElo "1198"]
[BlackElo "1352"]
[WhiteClock "00:31:25"]
[BlackClock "00:14:28"]
[PlyCount "114"]
[WhiteFideId "34633723"]
[BlackFideId "16269012"]
[EventCountry "GER"]
[EventRounds "11"]
[EventType "swiss"]
[EventDate "2023.05.27"]

1. d4 {[%clk 01:15:56]} {[%emt 00:00:04]} d5 {[%clk 01:15:54]} {[%emt
00:00:06]} 2. c4 {[%clk 01:16:18]} {[%emt 00:00:08]} e6 {[%clk 01:16:20]}
{[%emt 00:00:05]} 3. Nc3 {[%clk 01:16:15]} {[%emt 00:00:33]} Nf6 {[%clk
01:16:45]} {[%emt 00:00:05]} 4. Nf3 {[%clk 01:16:24]} {[%emt 00:00:21]} Be7
{[%clk 01:17:04]} {[%emt 00:00:11]} 5. Bf4 {[%clk 01:16:27]} {[%emt 00:00:24]}
b6 {[%clk 01:17:18]} {[%emt 00:00:19]} 6. cxd5 {[%clk 01:16:50]} {[%emt
00:00:07]} exd5 {[%clk 01:17:36]} {[%emt 00:00:12]} 7. e3 {[%clk 01:16:52]}
{[%emt 00:00:28]} O-O {[%clk 01:17:49]} {[%emt 00:00:17]} 8. Bd3 {[%clk
01:17:05]} {[%emt 00:00:17]} Bb7 {[%clk 01:18:12]} {[%emt 00:00:07]} 9. O-O
{[%clk 01:17:20]} {[%emt 00:00:14]} Nbd7 {[%clk 01:18:35]} {[%emt 00:00:08]}
10. Rc1 {[%clk 01:17:23]} {[%emt 00:00:26]} c5 {[%clk 01:18:54]} {[%emt
00:00:12]} 11. dxc5 {[%clk 01:17:27]} {[%emt 00:00:25]} Nxc5 {[%clk 01:19:10]}
{[%emt 00:00:16]} 12. Qe2 {[%clk 01:15:39]} {[%emt 00:02:15]} Nfe4 {[%clk
01:08:57]} {[%emt 00:10:45]} 13. Rfd1 {[%clk 01:14:17]} {[%emt 00:01:50]} Qc8
{[%clk 00:52:05]} {[%emt 00:17:22]} 14. Qc2 {[%clk 01:07:13]} {[%emt 00:07:35]}
h6 {[%clk 00:47:42]} {[%emt 00:04:54]} 15. a3 {[%clk 01:01:44]} {[%emt
00:05:59]} Qe6 {[%clk 00:38:28]} {[%emt 00:09:43]} 16. b4 {[%clk 01:00:27]}
{[%emt 00:01:48]} Nxd3 {[%clk 00:38:26]} {[%emt 00:00:32]} 17. Qxd3 {[%clk
00:55:59]} {[%emt 00:04:58]} Nxc3 {[%clk 00:38:14]} {[%emt 00:00:42]} 18. Rxc3
{[%clk 00:52:41]} {[%emt 00:03:46]} Rfc8 {[%clk 00:35:45]} {[%emt 00:03:00]}
19. Re1 {[%clk 00:44:44]} {[%emt 00:08:28]} Bf6 {[%clk 00:32:21]} {[%emt
00:03:55]} 20. Rxc8+ {[%clk 00:43:38]} {[%emt 00:01:34]} Rxc8 {[%clk 00:32:23]}
{[%emt 00:00:29]} 21. Nd4 {[%emt 00:03:41]} Bxd4 {[%emt 00:01:53]} 22. Qxd4
{[%clk 00:37:52]} {[%emt 00:00:42]} Rc2 {[%clk 00:25:34]} {[%emt 00:07:19]} 23.
Rd1 {[%clk 00:28:28]} {[%emt 00:09:54]} Qc6 {[%clk 00:20:32]} {[%emt 00:05:32]}
24. Qd3 {[%clk 00:24:47]} {[%emt 00:04:10]} Rc3 {[%clk 00:18:34]} {[%emt
00:02:29]} 25. Qd2 {[%clk 00:22:54]} {[%emt 00:02:22]} Rxa3 {[%clk 00:15:12]}
{[%emt 00:03:53]} 26. Rc1 {[%clk 00:22:59]} {[%emt 00:00:22]} Qa4 {[%clk
00:14:31]} {[%emt 00:01:14]} 27. Qe1 {[%clk 00:21:18]} {[%emt 00:02:09]} Ba6
{[%clk 00:12:01]} {[%emt 00:03:01]} 28. Be5 {[%clk 00:21:01]} {[%emt 00:00:47]}
Bc4 {[%clk 00:09:13]} {[%emt 00:03:19]} 29. f3 {[%clk 00:20:15]} {[%emt
00:01:15]} Qb3 {[%clk 00:04:27]} {[%emt 00:05:16]} 30. Rb1 {[%clk 00:19:13]}
{[%emt 00:01:33]} Qxe3+ {[%clk 00:04:31]} {[%emt 00:00:26]} 31. Qxe3 {[%clk
00:19:18]} {[%emt 00:00:24]} Rxe3 {[%clk 00:04:57]} {[%emt 00:00:06]} 32. Bd4
{[%clk 00:19:21]} {[%emt 00:00:27]} Rb3 {[%clk 00:04:12]} {[%emt 00:01:15]} 33.
Rxb3 {[%clk 00:19:38]} {[%emt 00:00:13]} Bxb3 {[%clk 00:04:38]} {[%emt
00:00:05]} 34. Kf2 {[%clk 00:19:58]} {[%emt 00:00:09]} f6 {[%clk 00:04:29]}
{[%emt 00:00:39]} 35. Ke3 {[%clk 00:20:15]} {[%emt 00:00:12]} Kf7 {[%clk
00:04:46]} {[%emt 00:00:13]} 36. f4 {[%clk 00:20:16]} {[%emt 00:00:28]} Ke6
{[%clk 00:04:54]} {[%emt 00:00:24]} 37. g3 {[%clk 00:20:23]} {[%emt 00:00:23]}
Kf5 {[%clk 00:05:07]} {[%emt 00:00:17]} 38. Kf3 {[%clk 00:20:16]} {[%emt
00:00:37]} Bd1+ {[%clk 00:05:22]} {[%emt 00:00:15]} 39. Ke3 {[%clk 00:19:58]}
{[%emt 00:00:48]} Kg4 {[%clk 00:05:26]} {[%emt 00:00:26]} 40. Kf2 {[%clk
00:20:15]} {[%emt 00:00:12]} Kh3 {[%clk 00:05:04]} {[%emt 00:00:52]} 41. Kg1
{[%clk 00:20:25]} {[%emt 00:00:20]} Ba4 {[%clk 00:04:43]} {[%emt 00:00:52]} 42.
Bc3 {[%clk 00:19:51]} {[%emt 00:01:03]} Bd1 {[%clk 00:04:08]} {[%emt 00:01:05]}
43. Bb2 {[%clk 00:19:56]} {[%emt 00:00:26]} Kg4 {[%clk 00:03:36]} {[%emt
00:01:02]} 44. Kf2 {[%clk 00:20:08]} {[%emt 00:00:17]} h5 {[%clk 00:02:30]}
{[%emt 00:01:36]} 45. Kg2 {[%clk 00:18:09]} {[%emt 00:02:25]} Bf3+ {[%clk
00:02:45]} {[%emt 00:00:20]} 46. Kf2 {[%clk 00:18:17]} {[%emt 00:00:20]} Be4
{[%clk 00:02:43]} {[%emt 00:00:33]} 47. h4 {[%clk 00:17:19]} {[%emt 00:01:28]}
Kh3 {[%clk 00:01:38]} {[%emt 00:01:34]} 48. Ba1 {[%clk 00:17:28]} {[%emt
00:00:21]} Kg4 {[%clk 00:00:55]} {[%emt 00:01:15]} 49. Bb2 {[%clk 00:17:50]}
{[%emt 00:00:08]} Kf5 {[%clk 00:01:09]} {[%emt 00:00:15]} 50. Ke3 {[%clk
00:17:58]} {[%emt 00:00:21]} Ke6 {[%clk 00:15:23]} {[%emt 00:01:17]} 51. Kd4
{[%clk 00:33:17]} {[%emt 00:00:11]} Kd6 {[%clk 00:15:29]} {[%emt 00:00:24]} 52.
Ba3 {[%clk 00:33:15]} {[%emt 00:00:32]} Kc6 {[%clk 00:15:44]} {[%emt 00:00:16]}
53. Kc3 {[%clk 00:32:56]} {[%emt 00:00:49]} Kb5 {[%clk 00:15:40]} {[%emt
00:00:29]} 54. Kb3 {[%clk 00:32:44]} {[%emt 00:00:46]} Bd3 {[%clk 00:15:21]}
{[%emt 00:00:50]} 55. Kc3 {[%clk 00:32:10]} {[%emt 00:00:59]} Ka4 {[%clk
00:14:27]} {[%emt 00:01:28]} 56. Kb2 {[%clk 00:32:16]} {[%emt 00:00:22]} Bc4
{[%clk 00:14:10]} {[%emt 00:00:50]} 57. f5 {[%clk 00:31:25]} {[%emt 00:01:21]}
b5 {[%clk 00:14:28]} {[%emt 00:00:12]} 0-1